| 000 -LEADER |
| fixed length control field |
00407nam a22001457a 4500 |
| 003 - CONTROL NUMBER IDENTIFIER |
| control field |
OSt |
| 005 - DATE AND TIME OF LATEST TRANSACTION |
| control field |
20210630122119.0 |
| 008 - FIXED-LENGTH DATA ELEMENTS--GENERAL INFORMATION |
| fixed length control field |
210630b ||||| |||| 00| 0 eng d |
| 020 ## - INTERNATIONAL STANDARD BOOK NUMBER |
| International Standard Book Number |
9780879051860 |
| 082 ## - DEWEY DECIMAL CLASSIFICATION NUMBER |
| Classification number |
720.1 |
| Item number |
WIN |
| 100 ## - MAIN ENTRY--PERSONAL NAME |
| Personal name |
Winters, Nathan B. |
| 245 ## - TITLE STATEMENT |
| Title |
Architecture is elementary : visual thinking through architectural concepts |
| 260 ## - PUBLICATION, DISTRIBUTION, ETC. (IMPRINT) |
| Place of publication, distribution, etc |
Salt lake city |
| Name of publisher, distributor, etc |
GIBBS Smith |
| Date of publication, distribution, etc |
1986 |
| 942 ## - ADDED ENTRY ELEMENTS (KOHA) |
| Source of classification or shelving scheme |
|